000 00981nam a2200301Ia 4500
001 57355
003 IT-RoPAU
008 130308s9999 xx 000 0 und d
040 _aIT-RoPAU
040 _cIT-RoPAU
041 _aFRANCESE
100 _aGritti Jules
100 _gCodice Aut. SPICS: 5792
245 _aExclusions et solidarites sur la scene des medias modernes
245 _bMedias et Charite'
250 _a1a ed.
260 _aPARIS
260 _bSOS
260 _c1987 [1° Ed.:1987 - Ed.Ling.Originale:1987]
300 _a"22 p. (prefazione: no ; testo: 22 [pagine: 121-142])"
500 _aEsclusione e Solidarietà Sulla scena dei Mass Media Esclusi in Nome della razza Arabi Giudei neri Galli Pellirosse immagini del terzo Mondo Nei Mass Media Francesi figure e temi della Poverta'
650 _aCONVEGNI/MANIFESTAZIONI PASTORALE D.CS
650 _eCodice materia Spics: 9315
942 _cBK
957 _71
999 _c64663
_d64663
999 _bSI
999 _g1